Compilers : principles, techniques and tools (Record no. 286547)
[ view plain ]
| 000 -LEADER | |
|---|---|
| fixed length control field | 00461nam a2200169Ia 4500 |
| 005 - DATE AND TIME OF LATEST TRANSACTION | |
| control field | 20241025170724.0 |
| 008 - FIXED-LENGTH DATA ELEMENTS--GENERAL INFORMATION | |
| fixed length control field | 240126s9999 xx 000 0 und d |
| 020 ## - INTERNATIONAL STANDARD BOOK NUMBER | |
| International Standard Book Number | 9789332518667 |
| 082 ## - DEWEY DECIMAL CLASSIFICATION NUMBER | |
| Classification number | 001.6425 AHO;1 R |
| 100 ## - MAIN ENTRY--PERSONAL NAME | |
| Personal name | Aho, Alfred V. Lam, Monica S. Sethi, Ravi ...[et al.] |
| 245 #0 - TITLE STATEMENT | |
| Title | Compilers : principles, techniques and tools |
| 250 ## - EDITION STATEMENT | |
| Edition statement | 2nd ed. |
| 260 ## - PUBLICATION, DISTRIBUTION, ETC. (IMPRINT) | |
| Name of publisher, distributor, etc. | Pearson |
| Place of publication, distribution, etc. | South Asia |
| Date of publication, distribution, etc. | 2014 |
| 300 ## - PHYSICAL DESCRIPTION | |
| Extent | 948 |
| 440 ## - SERIES STATEMENT/ADDED ENTRY--TITLE | |
| Title | NULL |
| 942 ## - ADDED ENTRY ELEMENTS (KOHA) | |
| Koha item type | PESU Books |
| Date last seen | Total Checkouts | Full call number | Accession number | Volume/Issue Number | Date checked out | Cost, replacement price | Price effective from | Category | Lost status | Damaged status | Department | Withdrawn status | bill no. | Permanent Location | Current Location | Shelving location | Entry date | Vendor | Cost, normal purchase price | Grants | Currency symbol | Conversion rate | Discount | Discount type | Total Renewals | Checked out |
|---|---|---|---|---|---|---|---|---|---|---|---|---|---|---|---|---|---|---|---|---|---|---|---|---|---|---|
| 18/05/2024 | 2 | 001.6425 AHO;1 R | PU9349 | (06/07/1905) | 18/05/2024 | 647.28 | 26/01/2024 | PESU Books | Central Library | 89598 | Central Library | Central Library | Central Library | 04/01/2019 | Book Paradise | 899.00 | CS | RS | 1 | 251.72 | Rupees | |||||
| 24/04/2026 | 4 | 001.6425 AHO;3 | PU9351 | (06/07/1905) | 24/04/2026 | 647.28 | 26/01/2024 | PESU Books | Central Library | 89598 | Central Library | Lending Library | Central Library | 04/01/2019 | Book Paradise | 899.00 | CS | RS | 1 | 251.72 | Rupees | 6 | 08/05/2026 | |||
| 07/05/2025 | 1 | 001.6425 AHO;2 R1 | PU9350 | (06/07/1905) | 17/01/2025 | 647.28 | 26/01/2024 | PESU Books | Central Library | 89598 | Central Library | RFID Kiosk | Central Library | 04/01/2019 | Book Paradise | 899.00 | CS | RS | 1 | 251.72 | Rupees |
